| 000 | 00535 a2200169 4500 | ||
|---|---|---|---|
| 999 |
_c7560 _d7560 |
||
| 020 | _a19540000 | ||
| 050 | 0 | 0 | _aDT471. GRE 1954 |
| 100 | 1 | _aGreen, Lawrence George. | |
| 245 | 1 | 0 |
_aUnder a sky like flame; _bthe story of West Africa, the "White Man's Grave"--cities and seaports and islands, white exiles and black magic. |
| 250 | _a[1st ed.] | ||
| 264 |
_aCape town: _bHoward Jimming., _c1954 |
||
| 300 |
_a254 p. _billus. |
||
| 500 | _alncludes index | ||
| 650 | _aAfrica | ||
| 651 | 0 | _aAfrica, West | |
| 942 |
_2lcc _cBK _h471 _iGRE _kDT |
||